000 00694nam a2200241 a 4500
003 AR-BaBNM
005 20251128203217.0
008 082120s2002 ||||||||||||||000 | spa||
040 _cAR-BaBNM
100 1 _aOrtega, José
245 0 0 _aLetras bolivianas de hoy
_bRenato Prada y Pedro Shimose : manual de bibliografía de la literatura boliviana
260 _aBuenos Aires
_bFernando García Cambeiro
_c1973
300 _a115 p.
650 4 _aCRITICA LITERARIA
650 4 _aLITERATURA LATINOAMERICANA
650 4 _aBIBLIOGRAFIA
650 4 _aESCRITORES
650 4 _aANALISIS LITERARIO
653 _aLITERATURA BOLIVIANA
655 _aLITERATURA
942 _cBK
998 _cMARTIN
999 _c2408
_d2408